| 000 | 00739nam a22001697a 4500 | ||
|---|---|---|---|
| 999 |
_c370968 _d370968 |
||
| 008 | 201130b ||||| |||| 00| 0 eng d | ||
| 040 |
_bger _cSTAFF _erda _aSTAFF |
||
| 100 | _aPansegrau, Axel | ||
| 245 |
_aIm Simulator auf großer Fahrt. _bVerkehr: Was passieren kann, wenn man unangeschnallt im Verkehr unterwegs ist, wird an der Raststätte Biegener Hellen Nord auf einprägsame Weise verdeutlicht./ _cAxel Pansegrau |
||
| 653 | _aFrankfurt (Oder) | ||
| 653 | _aVerkehrsunfallsimulation | ||
| 773 |
_dFrankfurt (Oder): Märkisches Verlags- und Druckhaus GmbH & Co KG _g32. Jahrgang (2021) Nr. 241 vom 15.10.2021, S. 13 _tMärkische Oderzeitung |
||
| 942 | _cA | ||